000 01081nam a2200253Ia 4500
003 IN-BaIIA
008 211028s9999 xx 000 0 eng d
020 _a0-937707-92-9
040 _cIIA Library
080 _a082.2:52
_bASP-73
111 _aAirborne Astronomy Symposium on the Galactic Ecosystem, From Gas To Stars To Dust
_cMoffett Field, California
_d1994 July 5-8
_920670
245 0 _aAirborne Astronomy Symposium on the galactic ecosystem
_bproceedings of the airborne Astronomy Symposium on the galactic ecosystem, from gas to Stars to dust, held in Moffett Field, California, USA, 5-8 Jul 1994
_cedited by Michael R. Haas, Jacqueline A. Davidson, and Edwin F. Erickson.
260 _aCalifornia
_bAstronomical Society of the Pacific
_c1995
300 _a[various pagings.]
650 _aAirborne Astronomy
_920671
650 _aDust
_910965
650 _aGalactic ecosystem
_920672
650 _aGas
_92913
650 _aStars
700 _aDavidson, J. A., ed.
_920673
700 _aErickson, E. F., ed.
_920674
700 _aHass, M. R., ed.
_920675
942 _cBK
999 _c11898
_d11898